The new Part M (Record no. 72816)
[ view plain ]
| 000 -LEADER | |
|---|---|
| fixed length control field | 01212cam a2200241 4500 |
| 001 - CONTROL NUMBER | |
| control field | ABS66772 |
| 008 - FIXED-LENGTH DATA ELEMENTS--GENERAL INFORMATION | |
| fixed length control field | 111208n2002 000 0 eng u |
| 035 ## - SYSTEM CONTROL NUMBER | |
| System control number | (Sirsi) u122514 |
| 100 ## - MAIN ENTRY--PERSONAL NAME | |
| Personal name | Cullingworth, R. |
| 245 #4 - TITLE STATEMENT | |
| Title | The new Part M |
| 260 ## - PUBLICATION, DISTRIBUTION, ETC. | |
| Date of publication, distribution, etc. | 2002 |
| 490 ## - SERIES STATEMENT | |
| Series statement | RICS Building Surveying Faculty: The Journal |
| Volume/sequential designation | (5) 14-15(2) |
| 520 ## - SUMMARY, ETC. | |
| Summary, etc. | Examines the details of the consultation on Approved Document M, setting out what the changes are and how they actually affect the net lettable area and occupiers' costs. The Building Act 1984: the Building Regulations 2000 - proposals for amending Part M 'Access to and use of buildings' can be viewed at www.communities.gov.uk. |
| 590 ## - LOCAL NOTE (RLIN) | |
| Local note | ABS |
| 650 ## - SUBJECT ADDED ENTRY--TOPICAL TERM | |
| Topical term or geographic name entry element | BUILDING REGULATIONS 1991 APPROVED DOCUMENT M (1999 EDITION) |
| 650 ## - SUBJECT ADDED ENTRY--TOPICAL TERM | |
| Topical term or geographic name entry element | DISABILITY DISCRIMINATION ACT 1995 |
| 650 ## - SUBJECT ADDED ENTRY--TOPICAL TERM | |
| Topical term or geographic name entry element | BS 8300: 2001 |
| 650 ## - SUBJECT ADDED ENTRY--TOPICAL TERM | |
| Topical term or geographic name entry element | MANAGEMENT-BUSINESS MANAGEMENT-DISCRIMINATION-DISABILITY DISCRIMINATION-ACCESSIBILITY |
| 650 ## - SUBJECT ADDED ENTRY--TOPICAL TERM | |
| Topical term or geographic name entry element | PUBLIC CONSULTATIONS |
| 690 ## - LOCAL SUBJECT ADDED ENTRY--TOPICAL TERM (OCLC, RLIN) | |
| Topical term or geographic name as entry element | BUILT ENVIRONMENT-BUILDING STANDARDS |
| 856 ## - ELECTRONIC LOCATION AND ACCESS | |
| Uniform Resource Identifier | <a href="https://www.communities.gov.uk/documents/planningandbuilding/pdf/158367.pdf">https://www.communities.gov.uk/documents/planningandbuilding/pdf/158367.pdf</a> |
| Public note | View the consultation free of charge at www.communities.gov.uk |
| 942 ## - ADDED ENTRY ELEMENTS (KOHA) | |
| Suppress in OPAC | 0 |
| Withdrawn status | Lost status | Source of classification or shelving scheme | Damaged status | Not for loan | Home library | Current library | Shelving location | Date acquired | Total Checkouts | Full call number | Barcode | Date last seen | Copy number | Price effective from | Koha item type |
|---|---|---|---|---|---|---|---|---|---|---|---|---|---|---|---|
| Dewey Decimal Classification | London | London | Journal article | 04/06/2003 | ABS66772 | 122514-1001 | 06/08/2019 | 1 | 06/08/2019 | Journal article |